Monde Capitales internationales - Statistiques

Statistiques générales
  • Ce quiz a été pris 4 231 fois
    3 200 depuis la dernière actualisation
  • Le résultat moyen est 130 sur 196
Statistiques - réponses
réponse % Correct
Paris
95%
Londres
92%
Berlin
90%
Madrid
90%
Oslo
89%
Bruxelles
87%
Dublin
87%
Helsinki
87%
Lisbonne
87%
Moscou
87%
Rome
87%
Bucarest
86%
Berne
85%
Budapest
85%
Andorre-la-Vieille
84%
Brasília
84%
Luxembourg
84%
Pékin
84%
Stockholm
84%
Washington
84%
Amsterdam
83%
Athènes
83%
Vienne
83%
Alger
82%
Buenos Aires
82%
Riga
82%
Varsovie
82%
Minsk
81%
Monaco
81%
Tokyo
81%
Bratislava
80%
Canberra
80%
Ottawa
80%
Tunis
80%
Vilnius
80%
Zagreb
80%
Copenhague
79%
Kiev
79%
Mexico
79%
Prague
79%
Rabat
79%
Bogotá
78%
La Valette
78%
Le Caire
78%
Lima
78%
Ljubljana
78%
Reykjavik
78%
Ankara
77%
Belgrade
77%
Santiago
77%
Sofia
77%
Tirana
77%
Vaduz
77%
La Paz
76%
Saint-Marin
76%
Séoul
76%
Montevideo
75%
Sarajevo
75%
Wellington
75%
Caracas
74%
Le Cap
74%
New Delhi
74%
Tallinn
74%
Chișinău
73%
Quito
73%
Asunción
72%
Bagdad
72%
Jérusalem
72%
Skopje
72%
Podgorica
71%
Pristina
71%
Pyongyang
71%
Téhéran
71%
Bangkok
69%
Hanoï
69%
Islamabad
69%
Jakarta
69%
Kingston
69%
La Havane
69%
Tripoli
69%
Beyrouth
68%
Dakar
68%
Damas
68%
Erevan
68%
Georgetown
68%
Kaboul
68%
Manille
68%
Nicosie
68%
Oulan-Bator
68%
Riyad
68%
Guatemala
67%
Bamako
66%
Doha
66%
Kuala Lumpur
66%
Port-au-Prince
66%
Vatican
66%
Astana
65%
Brazzaville
65%
Kinshasa
65%
San José
65%
Abou Dabi
64%
Antananarivo
64%
Bakou
64%
Dacca
64%
Katmandou
64%
Vientiane
64%
Addis-Abeba
63%
Amman
63%
Libreville
63%
Paramaribo
63%
Sanaa
63%
Tbilissi
63%
Accra
62%
Freetown
62%
Djibouti
61%
Khartoum
61%
Koweït
61%
Nairobi
61%
San Salvador
61%
Singapour
61%
Tachkent
61%
Tegucigalpa
61%
Belmopan
60%
Bissau
60%
Lomé
60%
Taipei
60%
Bichkek
59%
Dili
59%
Manama
59%
Yamoussoukro
59%
Yaoundé
59%
Abuja
58%
Luanda
58%
Malé
58%
Managua
58%
Mascate
58%
Nassau
58%
Niamey
58%
Saint-Domingue
58%
Victoria
58%
Conakry
57%
Kigali
57%
Maputo
57%
Mogadiscio
57%
Nouakchott
57%
Ouagadougou
57%
Phnom Penh
57%
Port-d'Espagne
57%
Praia
57%
Asmara
56%
Ndjamena
56%
Port-Louis
56%
Port Moresby
56%
São Tomé
56%
Achgabat
55%
Bangui
55%
Harare
55%
Kingstown
55%
Saint George's
55%
Saint John's
55%
Windhoek
55%
Banjul
54%
Castries
54%
Colombo
54%
Douchanbé
54%
Porto-Novo
54%
Thimphou
54%
Bandar Seri Begawan
53%
Bridgetown
53%
Roseau
53%
Suva
53%
Basseterre
52%
Monrovia
52%
Port-Vila
52%
Apia
51%
Djouba
51%
Kampala
51%
Naypyidaw
51%
Dodoma
50%
Gaborone
50%
Lusaka
50%
Malabo
50%
Maseru
50%
Mbabane
50%
Moroni
49%
Panama City
47%
Yaren
47%
Funafuti
46%
Lilongwe
46%
Nuku'alofa
45%
Honiara
44%
Palikir
44%
Tarawa-Sud
42%
Gitega
41%
Majuro
41%
Ngerulmud
41%
Aucun quiz correspondant
Distribution des résultats
% des personnes avec chaque résultat
Percentile par nombre de réponses
Votre historique - résultats
Vous n’avez pas pris ce quiz depuis la dernière actualisation